Sports méconnus - Statistiques

Statistiques générales
  • Ce quiz a été pris 11 fois
  • Le résultat moyen est 2 sur 10
Statistiques - réponses
Nombre de licenciés Sport Indice, sinon c'est impossible % Correct
938 Le Polo Sport assez populaire mais qui n'a pas d'engouement en France, se pratique avec un animal
100%
2398 Char à voile Beaucoup de pratiquants mais peu de licenciés spécifiques
18%
916 Le Pentathlon Moderne Un sport qui regroupe plusieurs sports connus
18%
900 L'Aérostation La pratique de la montgolfière et du dirigeable
9%
1192 La Longue Paume Un jeu de gagne-terrain qui est une forme de jeu de paume. Ce jeu d'origine française1 est très pratiqué du Moyen Âge au XVIIIe siècle en France, mais aussi dans le reste de l'Europe
9%
2041 La Pêche à la mouche Dérivée d'un loisir de plein air qui compte beaucoup de pratiquants mais peu de licenciés
9%
587 Le Ballon de poing Sport très populaire en Picardie, la fédération porte de 1935 à 1972 le nom de Fédération française des ballonnistes
9%
192 Le Giravion Pas d'indice pour celui-ci, juste bon courage :)
9%
1326 Le Javelot Tir sur cible Un jeu traditionnel devenu une discipline sportive reconnue en France par le ministère de la Jeunesse et des Sports depuis 1984. Il se joue essentiellement dans le Nord de la France
9%
623 Les Sports de traîneau Sports qui nécessitent un environnement particulier, d'où le faible nombre de licenciés à l'année
9%
Aucun quiz correspondant
Distribution des résultats
% des personnes avec chaque résultat
Percentile par nombre de réponses
Votre historique - résultats
Vous n’avez pas pris ce quiz